000 00567nam a22001817a 4500
999 _c190549
_d190549
005 20220727152017.0
010 _aENG-134060
020 _a9788123716770
_c130.00
035 _aEN-117592
037 _bDBAB/PUB
082 _a581.464
100 _aChoudhury,Bishwajit
245 _aVegetables/
_cby Bishwajit Choudhury
260 _aNew Delhi
_bNational Book Trust,India
_c2015
270 _aNehru Bhawan,5 Institutional Area,Phase-II Vasant Kunj,
_bNew Delhi
_e110070
300 _avii;230p.:
_c22cm(pbk)
_bill.
942 _2ddc
_cEN
_mCHO
_h581.464